Archaeology and cultural heritage: protection, discoveries and conservation
Enregistré dans:
| Auteur principal: | |
|---|---|
| Format: | Livre |
| Langue: | anglais |
| Publié: |
Antofagasta
GasAtacama
1999
|
| Sujets: | |
| Tags: |
Ajouter un tag
Pas de tags, Soyez le premier à ajouter un tag!
|
MARC
| LEADER | 00000nam a2200000 a 4500 | ||
|---|---|---|---|
| 001 | UCH4592 | ||
| 003 | CL-VaPUC | ||
| 008 | 090827e19990000CL |||||||||||||||||eng|d | ||
| 082 | 0 | 4 | |a 930.102 |b BAR |2 21 |
| 100 | 0 | |a Barón Parra, Ana María |e author |9 540202 | |
| 245 | 1 | 0 | |a Archaeology and cultural heritage: protection, discoveries and conservation |
| 300 | |a 85 p | ||
| 942 | |c BK | ||
| 945 | |d 20090827 00:00:00 |a rbrito | ||
| 260 | |a Antofagasta |b GasAtacama |c 1999 | ||
| 650 | 0 | |a Arqueología |9 265619 | |
| 650 | 0 | |a Geografía |9 259346 | |
| 650 | 0 | |a Arte rupestre |9 349639 | |
| 650 | 0 | |a Culturas andinas |9 509417 | |
| 583 | |a last modification |c 20090827 00:00:00 |k Rodrigo Vera | ||
| 999 | |c 335871 |d 335869 | ||
| 952 | |0 0 |1 0 |4 0 |6 930_102000000000000_BAR_1999 |7 0 |8 X |9 426695 |a FDOBUD |b FDOBUD |d 2019-11-22 |i 4593146 |o 930.102 BAR 1999 |p 4593146 |r 2019-11-22 |w 2019-11-22 |y BK_X |k BUD | ||